[Event "ch-RUS HL"]
[Site "Ulan Ude RUS"]
[Date "2009.09.05"]
[Round "4"]
[White "Yuzhakov,O"]
[Black "Frolyanov,D"]
[Result "1/2-1/2"]
[WhiteElo "2360"]
[BlackElo "2557"]

1.e4 c5 2.c3 Nf6 3.e5 Nd5 4.d4 cxd4 5.Nf3 e6 6.cxd4 d6 7.Bc4 Nc6 8.O-O Be7
9.Bd2 O-O 10.Nc3 Nb6 11.Bb5 Bd7 12.Bf4 Be8 13.a3 f6 14.exf6 Bxf6 15.Qe2 Qd7
16.Rfe1 Bh5 17.Bxc6 bxc6 18.Qxe6+ Qxe6 19.Rxe6 Bxf3 20.gxf3 Bxd4 21.Bxd6 Rxf3
22.Ne4 Bxb2 23.Ra2 Nc4 24.Nd2 Nxd2 25.Rxb2 Nc4 26.Rc2 Nxd6 27.Rxd6 Rxa3 28.Rcxc6 Rf3
29.Ra6 Rf7 30.Rd2 Rc8 31.Rda2 Rcc7 32.Kg2 Kf8 33.Rb2 Rb7 34.Rc2 Rfc7 35.Rca2 Ke8
36.f4 Kd8 37.h4 Kc8 38.h5 Kb8 39.h6 g6 40.Re6 Re7 41.Rd6 Rbd7 42.Rb2+ Kc8
43.Rc6+ Rc7 44.Rd6 Rf7 45.Rb4 Rb7 46.Rc4+ Rfc7 47.Re4 Rb3 48.Re2 Kb7 49.Rde6 Rbc3
50.Rb2+ Kc8 51.Re8+ Kd7 52.Rh8 Ke6 53.Rb5 Kd6 54.Rd8+ Kc6 55.Rbd5 Rc5 56.R5d6+ Kb5
57.Rb8+ Kc4 58.Ra6 Rd7 59.Rb1 Rh5 60.Ra4+ Kc3 61.Ra3+ Kc2 62.Rba1 Rxh6 63.R1a2+ Kd1
64.Ra1+ Ke2 65.R1a2+ Rd2 66.Rxd2+ Kxd2 67.Rxa7 Ke3 68.Kg3 Rh1 69.Re7+ Kd4
70.Kg2 Rh5 71.Kg3 Kd5 72.Ra7 Ke6 73.Ra6+ Kf7 74.Ra7+ Kf6 75.Ra6+ Kg7 76.Ra7+ Kh6
77.Rb7 Rc5 78.Ra7 Rc8 79.Rb7 Rg8 80.Kg4 Rg7 81.Rxg7 Kxg7 82.f5 h5+ 83.Kg5 h4
84.Kxh4 gxf5 85.Kg5 f4 86.Kg4 f3 87.Kxf3  1/2-1/2

[Event "4th Xtracon Skovbo"]
[Site "Borup DEN"]
[Date "2009.09.06"]
[Round "4"]
[White "Gajic,Ml"]
[Black "Kulaots,K"]
[Result "0-1"]
[WhiteElo "2263"]
[BlackElo "2575"]

1.e4 c5 2.c3 Nf6 3.e5 Nd5 4.Bc4 Nb6 5.Bb3 c4 6.Bc2 Nc6 7.Nf3 Qc7 8.Qe2 g5
9.h3 Bg7 10.O-O Nxe5 11.Nxg5 d5 12.a4 Bd7 13.a5 Nc8 14.Re1 h6 15.Nf3 Nc6
16.d4 Nxa5 17.Nh4 Bf6 18.Qh5 Nb3 19.Bxb3 cxb3 20.Nf5 Bxf5 21.Qxf5 Qc6 22.Ra5 b6
23.Rxd5 a5 24.Bf4 Rg8 25.Qe4 Na7 26.Rd6 Qxe4 27.Rxe4 Bg5 28.Rxb6 f5 29.Re5 Bxf4
30.Rxf5 Bd6 31.Rxb3 Nc6 32.Nd2 a4 33.Rb6 Kd7 34.Nc4 Rgb8 35.g4 Kc7 36.Rxb8 Rxb8
37.f4 Rxb2 38.h4 a3 39.Nxa3 Bxa3 40.Rh5 Bd6 41.f5 Bh2+ 42.Kf1 Bf4 43.g5 Na5
44.f6 Nc4 45.f7 Ne3+ 46.Kg1 Bg3  0-1

[Event "6th LGA Premium Cup"]
[Site "Nuernberg GER"]
[Date "2009.09.06"]
[Round "6"]
[White "Levushkina,E"]
[Black "Tischbierek,R"]
[Result "1/2-1/2"]
[WhiteElo "2239"]
[BlackElo "2447"]

1.e4 c5 2.c3 Nf6 3.e5 Nd5 4.Nf3 Nc6 5.Bc4 Nb6 6.Bb3 c4 7.Bc2 Qc7 8.Qe2 h6
9.Na3 g5 10.h3 Bg7 11.Nxc4 Nxc4 12.Qxc4 Bxe5 13.Nxe5 Qxe5+ 14.Qe4 Qxe4+ 15.Bxe4 e5
16.b3 Kd8 17.Ba3 Kc7 18.O-O-O d6 19.d4 exd4 20.cxd4 Re8 21.Bf3 Bf5 22.Rhe1 Kd7
23.Bxc6+ bxc6 24.Bb4 Reb8 25.Bc3 Be6 26.Rd2 a5 27.Rb2 Rb5 28.Ree2 h5 29.f3 Rg8
30.a4 Rxb3 31.Bxa5 Ra8 32.Rxb3 Bxb3 33.Bd2 Rxa4 34.Bxg5 Rxd4 35.Re7+ Kc8
36.Re8+ Kb7 37.Rh8 Rd1+ 38.Kb2 Bd5 39.Bf4 Rg1 40.g3 Bxf3 41.Bxd6 Rh1 42.Rh7  1/2-1/2

[Event "7th ch-Mediterranean"]
[Site "Rijeka CRO"]
[Date "2009.09.11"]
[Round "1"]
[White "Orehek,S"]
[Black "Doric,N"]
[Result "0-1"]
[WhiteElo "1870"]
[BlackElo "2356"]

1.e4 c5 2.c3 Nf6 3.e5 Nd5 4.d4 cxd4 5.cxd4 d6 6.Bc4 e6 7.Nf3 Nc6 8.O-O Be7
9.Qe2 O-O 10.Qe4 Qc7 11.Re1 Bd7 12.Bb3 Rac8 13.Nc3 Nxc3 14.bxc3 dxe5 15.dxe5 Na5
16.Bc2 g6 17.Bg5 Bxg5 18.Nxg5 Qc4 19.Rad1 Bc6 20.Qxc4 Nxc4 21.Rd4 Bd5 22.h3 Nb6
23.Ne4 Bxe4 24.Bxe4 Rxc3 25.Bxb7 Rb8 26.Bf3 Ra3 27.Re2 Rc8 28.Rd1 Rc5 29.Rb1 Raa5
30.Rbe1 Nc4 31.Rc2 Nxe5 32.Bd1 Rxc2 33.Bxc2 Rxa2 34.Bb3 Ra5 35.Rc1 g5 36.Rc8+ Kg7
37.Rc7 Kf6 38.Kh2 h5 39.Bd1 h4 40.Bh5 Ng6  0-1

[Event "7th ch-Mediterranean"]
[Site "Rijeka CRO"]
[Date "2009.09.11"]
[Round "1"]
[White "Dahdal,Lougain"]
[Black "Nikcevic,N"]
[Result "0-1"]
[WhiteElo "1910"]
[BlackElo "2374"]

1.e4 c5 2.c3 Nf6 3.e5 Nd5 4.d4 cxd4 5.cxd4 e6 6.Bc4 Nb6 7.Bb3 d6 8.Nf3 dxe5
9.dxe5 Qxd1+ 10.Bxd1 Bd7 11.Nc3 Bb4 12.Be2 Na4 13.Bd2 Bxc3 14.bxc3 O-O 15.O-O Rc8
16.Rab1 b6 17.c4 Nc6 18.Rfc1 Rc7 19.Bf4 Rac8 20.Nd2 Na5 21.Rc2 Bc6 22.Be3 Rd7
23.Rbc1 Nb7 24.f3 Nac5 25.Nb3 Nd3 26.Bxd3 Rxd3 27.Re2 Ba4 28.Nd2 Na5 29.c5 b5
30.Ne4 Nc6 31.f4 b4 32.Nd6 Rb8 33.Bf2 a5 34.Rb2 Bb5 35.g3 Ba6 36.Rb3 a4 37.Rxd3 Bxd3
38.Rd1 Bc2 39.Rd2 b3 40.axb3 axb3 41.Nc4 b2 42.Na3 b1=Q+ 43.Nxb1 Rxb1+  0-1

[Event "FSGM September"]
[Site "Budapest HUN"]
[Date "2009.09.13"]
[Round "9"]
[White "Manca,F"]
[Black "Czebe,A"]
[Result "1/2-1/2"]
[WhiteElo "2356"]
[BlackElo "2485"]

1.e4 c5 2.c3 Nf6 3.e5 Nd5 4.d4 cxd4 5.Nf3 Nc6 6.cxd4 d6 7.Bc4 Nb6 8.Bb5 dxe5
9.Nxe5 Bd7 10.Nxd7 Qxd7 11.Nc3 Rd8 12.O-O e6 13.Be3 Be7 14.Qg4 O-O 15.Rad1 g6
16.d5 Nxd5 17.Bxa7 Qc7 18.Nxd5 exd5 19.Bd4 Nxd4 20.Rxd4 Bf6 21.Rb4 Qe7 22.a3 Rd6
23.Rc1  1/2-1/2

[Event "7th ch-Mediterranean"]
[Site "Rijeka CRO"]
[Date "2009.09.13"]
[Round "4"]
[White "Orehek,S"]
[Black "Baptista,A"]
[Result "0-1"]
[WhiteElo "1870"]
[BlackElo "2177"]

1.e4 c5 2.c3 Nf6 3.e5 Nd5 4.d4 cxd4 5.cxd4 d6 6.Bc4 Nb6 7.Bb5+ Bd7 8.e6 fxe6
9.Bd3 g6 10.Qg4 Qc7 11.Nc3 Nd5 12.Bd2 Nc6 13.Nf3 O-O-O 14.O-O Nxc3 15.Bxc3 e5
16.Qg5 exd4 17.Nxd4 e5 18.Nb5 Qb8 19.Rfc1 a6 20.Na3 Qa7 21.b4 Be7 22.Qg3 Bf5
23.b5 axb5 24.Nxb5 Qa4 25.Rab1 Rhf8 26.Be1 Bg5 27.Rc4 Qxa2 28.Bxf5+ Rxf5
29.Qc3 Qxb1 30.Rxc6+ Kd7 31.Rc7+ Ke6 32.Rxb7 Qe4 33.Nc7+ Kf6 34.Rb4 Qe2 35.h3 Rf8
36.Rb6 Qd1 37.Qb4 Rd8 38.Nb5 Rf4 39.Qc3 Re4  0-1

[Event "7th ch-Mediterranean"]
[Site "Rijeka CRO"]
[Date "2009.09.13"]
[Round "4"]
[White "Zorko,Ju"]
[Black "Adly,A"]
[Result "0-1"]
[WhiteElo "2430"]
[BlackElo "2554"]

1.e4 c5 2.c3 Nf6 3.e5 Nd5 4.d4 cxd4 5.cxd4 Nc6 6.Nf3 d6 7.Bc4 Nb6 8.Bb5 Bd7
9.exd6 e6 10.Bg5 f6 11.Bh4 Bxd6 12.Bg3 Bb4+ 13.Nbd2 O-O 14.O-O Bxd2 15.Qxd2 Nxd4
16.Nxd4 Bxb5 17.Rfd1 Bd7 18.Qb4 Qe8 19.Bd6 Rf7 20.Re1 e5 21.Nc2 Nd5 22.Qxb7 Nf4
23.Ne3 Bc6 24.Qb3 Rd8 25.Ba3 Rd3 26.Qc4 Rd4 27.Qc2 Be4 28.Qb3 Kh8 29.f3 Rb7
30.Qc3 Rd3 31.Qc5 Bxf3 32.gxf3 Rxe3 33.Rxe3 Qg6+ 34.Kf1 Qg2+ 35.Ke1 Rb8 36.Qc7 Rg8
37.Rd1 Qg1+ 38.Kd2 Qf2+ 39.Kc1 Qxe3+ 40.Kb1 Qxf3 41.Rd8 Qe4+ 42.Kc1 Nd3+
43.Kc2 Nb4+ 44.Kb3 Nc6 45.Rxg8+ Kxg8 46.Qc8+ Kf7 47.Qd7+ Kg6 48.Bc5 Na5+
49.Ka3 Nc4+ 50.Kb3 a5 51.h3 Ne3 52.Bxe3 Qxe3+ 53.Kc2 Qe4+ 54.Kc3 Qd4+ 55.Qxd4 Kf7
56.a4 Ke6 57.b4 axb4+  0-1

[Event "ch-PAR"]
[Site "Asuncion PAR"]
[Date "2009.09.14"]
[Round "9"]
[White "Diaz,Fe"]
[Black "Del Puerto,R"]
[Result "0-1"]
[WhiteElo "1941"]
[BlackElo "2105"]

1.e4 c5 2.c3 Nf6 3.e5 Nd5 4.Nf3 e6 5.Bc4 Nb6 6.Bb3 c4 7.Bc2 Nc6 8.O-O Qc7
9.Qe2 d6 10.exd6 Bxd6 11.b3 Ne5 12.Nxe5 Bxe5 13.g3 Bd7 14.d4 cxd3 15.Bxd3 O-O-O
16.Re1 Bd6 17.Na3 a6 18.Nc4 Nxc4 19.bxc4 h5 20.Be4 h4 21.c5 Bxc5 22.Bf4 Bd6
23.Bxd6 Qxd6 24.Qf3 Bc6 25.Qxf7 hxg3 26.hxg3 Rdf8 27.Qxg7 Rfg8 28.Qf7 Bxe4
29.Rxe4 Rxg3+ 30.fxg3 Qxg3+ 31.Kf1 Rh1+ 32.Ke2 Rh2+ 33.Kf1 Qg2+  0-1

[Event "7th ch-Mediterranean"]
[Site "Rijeka CRO"]
[Date "2009.09.15"]
[Round "7"]
[White "Zorko,Ju"]
[Black "Cvitan,O"]
[Result "1/2-1/2"]
[WhiteElo "2430"]
[BlackElo "2516"]

1.e4 c5 2.c3 Nf6 3.e5 Nd5 4.d4 cxd4 5.Nf3 d6 6.cxd4 Nc6 7.Bc4 Nb6 8.Bb5 dxe5
9.Nxe5 Bd7 10.Nxd7 Qxd7 11.Nc3 e6 12.O-O Rd8 13.Be3  1/2-1/2

[Event "TCh-FIN 2009-10"]
[Site "Finland FIN"]
[Date "2009.09.19"]
[Round "1"]
[White "Penttinen,J"]
[Black "Johansson,Ju"]
[Result "1/2-1/2"]
[WhiteElo "2291"]
[BlackElo "2115"]

1.e4 c5 2.c3 Nf6 3.e5 Nd5 4.Nf3 Nc6 5.Bc4 Nb6 6.Bb3 c4 7.Bc2 g6 8.Qe2 Bg7
9.b3 Qc7 10.bxc4 Nxe5 11.Nxe5 Qxe5 12.Qxe5 Bxe5 13.c5 Nd5 14.Be4 Nb4 15.d4 Bg7
16.Na3 f5 17.Nb5 fxe4 18.cxb4 O-O 19.Be3 b6 20.a4 bxc5 21.bxc5 Rb8 22.O-O a6
23.Nc3 Bb7 24.Rab1 d6 25.cxd6 exd6 26.Rb6 Rfc8 27.Ne2 Bd5 28.Rfb1 Rxb6 29.Rxb6 Rc2
30.Nf4 Bc4 31.Rxd6 Ra2 32.h4 Rxa4 33.Rd8+ Kf7 34.Rd7+ Kg8 35.d5 Ra1+ 36.Kh2 Rd1
37.Rd8+ Kf7 38.Rd7+ Kg8 39.Rd8+ Kf7 40.Rd7+ Kg8 41.Rd8+  1/2-1/2

[Event "Uxbridge Congress Open"]
[Site "Uxbridge ENG"]
[Date "2009.09.19"]
[Round "2"]
[White "Ynojosa,F"]
[Black "Hunt,D"]
[Result "0-1"]
[WhiteElo "2197"]
[BlackElo "2004"]

1.e4 c5 2.c3 Nf6 3.e5 Nd5 4.d4 cxd4 5.Nf3 e6 6.cxd4 d6 7.a3 Bd7 8.Bd3 Bc6
9.O-O Nd7 10.b4 a6 11.Nbd2 Qc7 12.Nc4 Rc8 13.Bd2 b5 14.Na5 dxe5 15.Nxc6 Qxc6
16.Rc1 Qb7 17.Rxc8+ Qxc8 18.dxe5 g6 19.h4 Bg7 20.Re1 O-O 21.h5 Qc7 22.Qe2 Ne7
23.Bg5 Nc6 24.Bf4 Rd8 25.Rc1 Ndb8 26.Be4 Qd7 27.hxg6 hxg6 28.Qe3 Nd4 29.g3 Nbc6
30.Kg2 Ne7 31.Rd1 Ndf5 32.Rxd7 Nxe3+ 33.Bxe3 Rxd7 34.Bd4 Nd5 35.Bb2 Nb6 36.Bc3 Rc7
37.Bd2 Nc4 38.Bc1 Rd7 39.Bc6 Rd1 40.Bf4 Ra1 41.a4 Rxa4 42.Bb7 Bf8 43.Nd4 Bxb4
44.Nc6 Bc3 45.Nb8 a5 46.Nd7 b4 47.Bc6 Ra1 48.Bb5 Na3 49.Nf6+ Kg7 50.Ne8+ Kh8
51.Bd7 b3  0-1

[Event "TCh-ROU w Superliga"]
[Site "Eforie Nord ROU"]
[Date "2009.09.20"]
[Round "2"]
[White "Traistaru,T"]
[Black "Paulet,I"]
[Result "1/2-1/2"]
[WhiteElo "2205"]
[BlackElo "2342"]

1.e4 c5 2.c3 Nf6 3.e5 Nd5 4.d4 cxd4 5.Nf3 Nc6 6.cxd4 d6 7.Bc4 Nb6 8.Bb3 dxe5
9.dxe5 Qxd1+ 10.Bxd1 Nc4 11.Ba4 Bd7 12.Bxc6 Bxc6 13.Nbd2 Nxd2 14.Bxd2 e6
15.O-O Bc5 16.Rac1 Bb6 17.Bb4 f6 18.Rfe1 Kf7 19.Nd2 Bd5 20.a4 Rac8 21.Bc3 Bc7
22.exf6 gxf6 23.Ne4 e5 24.h3 Rhg8 25.Rcd1 Bc6 26.a5 Rcd8 27.Rxd8 Rxd8 28.f3 Rd5
29.Ra1 a6 30.Kf2 Bb8 31.Ke1 f5 32.Nd2 Rd8 33.Nc4 Ke6 34.Rd1 Rg8 35.Rd2 Bb5
36.Na3 Bc6 37.Nc2 Bc7 38.Re2 Bd5 39.b3 Bd6 40.Kd2 h5 41.Kc1 Rc8 42.Kb2 f4
43.Ne1 Ba3+ 44.Kxa3 Rxc3 45.Rb2 Kf6 46.Nc2 Be6 47.Kb4 Rd3 48.Na3 Bd5 49.Nc4 e4
50.fxe4 Bxe4 51.Rf2 f3 52.gxf3 Rxf3 53.Rxf3+ Bxf3 54.Kc5 h4 55.Kb6 Ke6 56.Kc7 Bg2
57.Ne3 Bxh3 58.Kxb7 Ke5 59.Kxa6 Kd4 60.Nd1 Bg2 61.b4 h3 62.b5 h2 63.Nf2 Bf3
64.b6 Ke3 65.Ng4+ Bxg4 66.b7 h1=Q 67.b8=Q Qd5 68.Qb6+ Kf4 69.Qb8+ Ke3 70.Qb6+ Kf4
71.Qb8+ Ke4 72.Qb7 Be2+ 73.Ka7  1/2-1/2

[Event "TCh-SRB w"]
[Site "Pozarevac SRB"]
[Date "2009.09.20"]
[Round "7"]
[White "Zivic,R"]
[Black "Stojanovic,MarijaZ"]
[Result "1-0"]
[WhiteElo "2046"]
[BlackElo "1885"]

1.e4 c5 2.c3 Nf6 3.e5 Nd5 4.Nf3 e6 5.d4 cxd4 6.Qxd4 Be7 7.Qg4 g6 8.Bd3 d6
9.O-O dxe5 10.Nxe5 Nf6 11.Qa4+ Nbd7 12.Bh6 Bf8 13.Bg5 Be7 14.Bb5 O-O 15.Rd1 Nd5
16.Bxe7 Qxe7 17.Bxd7 Nb6 18.Qb4 Qf6 19.Ng4 Qg5 20.Bxc8 Raxc8 21.Nd2 Rfd8
22.Ne4  1-0

[Event "TCh-SRB w"]
[Site "Pozarevac SRB"]
[Date "2009.09.20"]
[Round "7"]
[White "Gaponenko,I"]
[Black "Zarkovic,M"]
[Result "1-0"]
[WhiteElo "2428"]
[BlackElo "1832"]

1.e4 c5 2.c3 Nf6 3.e5 Nd5 4.Nf3 e6 5.Bc4 d6 6.d4 cxd4 7.cxd4 Nc6 8.O-O Be7
9.Qe2 O-O 10.Nc3 Nxc3 11.bxc3 dxe5 12.dxe5 Qc7 13.Qe4 b6 14.Bg5 Bb7 15.Bd3 g6
16.Qh4 Bxg5 17.Nxg5 h5 18.Rae1 Rad8 19.Re3 Rd7 20.Ne4 Rxd3 21.Rxd3 Qxe5 22.Nf6+ Kg7
23.Nd7  1-0

[Event "Uxbridge Congress Open"]
[Site "Uxbridge ENG"]
[Date "2009.09.20"]
[Round "4"]
[White "Ynojosa,F"]
[Black "Doran,C"]
[Result "1-0"]
[WhiteElo "2197"]
[BlackElo "1931"]

1.e4 c5 2.c3 Nf6 3.e5 Nd5 4.d4 cxd4 5.Nf3 Nc6 6.cxd4 d6 7.Bc4 Nb6 8.Bb3 d5
9.Be3 Bg4 10.h3 Bh5 11.O-O e6 12.Nc3 Be7 13.Qe1 Bxf3 14.gxf3 O-O 15.Rd1 Na5
16.Bc2 Nac4 17.Bc1 Rc8 18.Qe2 a6 19.Qd3 g6 20.Kh1 Qc7 21.Rg1 Na3 22.Bb3 Nac4
23.Rg2 Bb4 24.Rdg1 Nxb2 25.Bxb2 Bxc3 26.Ba3 Rfe8 27.Rc1 Nd7 28.Bd6 Qa5 29.Rcg1 Nf8
30.h4 Bd2 31.h5 Qc3 32.Qe2 Qxd4 33.Rg4 Qb2 34.hxg6 fxg6 35.f4 Rc1 36.f5 Rxg1+
37.Rxg1 Rc8 38.fxe6 Qd4 39.Rg4 Rc1+ 40.Kg2 Qa1 41.a3 Rg1+ 42.Kh2  1-0

[Event "TCh-ROU Superliga"]
[Site "Eforie Nord ROU"]
[Date "2009.09.21"]
[Round "3"]
[White "Nitelea,B"]
[Black "Nasolea,A"]
[Result "0-1"]
[WhiteElo "2105"]
[BlackElo "2034"]

1.e4 c5 2.c3 Nf6 3.e5 Nd5 4.d4 cxd4 5.cxd4 Nc6 6.Nf3 d6 7.Bc4 e6 8.O-O Be7
9.Qe2 O-O 10.Rd1 Na5 11.Bd3 Nb4 12.exd6 Qxd6 13.Be4 f5 14.Bd3 Nxd3 15.Qxd3 Bd7
16.Nc3 Bc6 17.Nb5 Bxb5 18.Qxb5 Qd5 19.Qxd5 exd5 20.Bf4 Nc6 21.Ne5 Nxe5 22.dxe5 g5
23.Be3 f4 24.Bd4 Kf7 25.Rac1 Rfc8 26.f3 a6 27.Kf2 Ke6 28.g3 Rc6 29.Rxc6+ bxc6
30.gxf4 gxf4 31.Rg1 c5 32.Bc3 d4 33.Bd2 Rb8 34.b3 c4 35.Bxf4 cxb3 36.axb3 Rxb3
37.Ra1 Ra3 38.Rxa3 Bxa3 39.Ke2 Kf5 40.Bg3 Bc1 41.Kd3 Be3 42.e6 Kxe6 43.Ke4 a5
44.Be1 a4 45.Bb4 Kd7 46.f4 Kc6 47.Ba3 Kb5 48.f5 Kc4 49.Bb2 Kb3 50.Ba1 Kc2
51.f6 d3 52.Kxe3 d2 53.f7 d1=Q 54.f8=Q Qe1+ 55.Kd4 Qxa1+ 56.Ke4 Qc3 57.Qf2+ Kb3
58.Kd5 a3 59.Ke6 a2 60.Qb6+ Ka3 61.Qa6+ Kb2 62.Qe2+ Qc2 63.Qe5+ Kb1 64.Qe1+ Kb2
65.Qe5+ Qc3 66.Qe2+ Kb3 67.Qb5+ Qb4 68.Qd3+ Kb2 69.Qe2+ Ka3 70.Qa6+ Kb3 71.Qd3+ Qc3
72.Qb5+ Kc2 73.Qe2+ Qd2 74.Qc4+ Kd1 75.Qa4+ Ke1 76.Qh4+ Qf2 77.Qb4+ Kf1 78.Qa3 Qe1+
79.Kf7 a1=Q 80.Qh3+ Ke2 81.Qe6+ Kd3 82.Qh3+ Qe3 83.Qxh7+ Qe4 84.Qh3+ Ke2  0-1

[Event "TCh-ROU Superliga"]
[Site "Eforie Nord ROU"]
[Date "2009.09.21"]
[Round "3"]
[White "Baklan,V"]
[Black "Fedorov,Alex"]
[Result "1/2-1/2"]
[WhiteElo "2646"]
[BlackElo "2600"]

1.e4 c5 2.c3 Nf6 3.e5 Nd5 4.Nf3 Nc6 5.Bc4 Nb6 6.Bb3 c4 7.Bc2 Qc7 8.Qe2 g5
9.h3 Bg7 10.O-O g4 11.hxg4 Nxe5 12.Re1 d6 13.Nxe5 Bxe5 14.d4 cxd3 15.Bxd3 h6
16.Bb5+ Bd7 17.Na3 a6 18.Bxd7+ Nxd7 19.Nc4 O-O-O 20.Be3 Rdg8 21.Rad1 Rg7
22.Bd4 f6 23.Ne3 h5 24.gxh5 e6 25.Qc4 d5 26.Bxe5 Nxe5 27.Qxc7+ Kxc7 28.Kf1 Rxh5
29.Ke2 b5 30.Rh1 Rgh7 31.Rxh5 Rxh5 32.f4 Nc4  1/2-1/2

[Event "TCh-ROU w Superliga"]
[Site "Eforie Nord ROU"]
[Date "2009.09.22"]
[Round "4"]
[White "Peptan,C"]
[Black "Sandu,Mi"]
[Result "1-0"]
[WhiteElo "2387"]
[BlackElo "2270"]

1.e4 c5 2.c3 Nf6 3.e5 Nd5 4.Nf3 e6 5.d4 cxd4 6.cxd4 d6 7.a3 Bd7 8.Bd3 Bc6
9.O-O Be7 10.Bc2 Nd7 11.Nbd2 dxe5 12.dxe5 Qc7 13.Re1 Rc8 14.Nf1 O-O 15.Qd3 g6
16.Bh6 Rfd8 17.Rac1 Qb6 18.Qb3 Qxb3 19.Bxb3 Nc5 20.Bc2 Nb6 21.N1d2 a5 22.h3 a4
23.Be3 Nd5 24.Bxc5 Bxc5 25.Ne4 Ba7 26.Nd6 Rc7 27.Be4 Rcd7 28.g3 h6 29.Nd2 f5
30.Bg2 Kf8 31.N2c4 Bb8 32.Rc2 Ke7 33.Bxd5 exd5 34.Nb6 Rxd6 35.exd6+ Kxd6
36.Rd1 Bc7 37.Nc4+ Ke6 38.Re2+ Kf6 39.Red2 f4 40.gxf4 Bxf4 41.Rd4 Bc7 42.Ne3 Bb6
43.Nxd5+  1-0

[Event "TCh-ROU Superliga"]
[Site "Eforie Nord ROU"]
[Date "2009.09.22"]
[Round "4"]
[White "Tufa,M"]
[Black "Valeanu,E"]
[Result "0-1"]
[WhiteElo "2108"]
[BlackElo "2457"]

1.e4 c5 2.c3 Nf6 3.e5 Nd5 4.d4 cxd4 5.cxd4 e6 6.Nc3 Nxc3 7.bxc3 d6 8.Nf3 Qc7
9.Bd2 Nd7 10.exd6 Bxd6 11.Bd3 b6 12.Ng5 Bb7 13.Be4 Nf6 14.Qa4+ Ke7 15.Bxb7 Qxb7
16.O-O Rhc8 17.Rfe1 Qd5 18.f3 Kf8 19.Ne4 Be7 20.Rab1 Qc4 21.Qxc4 Rxc4 22.Nxf6 Bxf6
23.Re4 Rac8 24.Kf2 Ra4 25.Rb2 Rcc4 26.Ke3 Ra3 27.Kd3 Rca4 28.Rb3 Rxa2 29.c4 Be7
30.c5 R4a3 31.Rxa3 Rxa3+ 32.Kc4 Ra2 33.Be3 Rxg2 34.Kb5 Rxh2 35.Bf4 Rc2 36.c6 g5
37.Bb8 Bd8 38.Bxa7 Bc7 39.Re1 Ra2 40.Bb8 Bxb8 41.Kxb6 Rb2+  0-1

[Event "TCh-ROU Superliga"]
[Site "Eforie Nord ROU"]
[Date "2009.09.25"]
[Round "7"]
[White "Szabo,G ROM"]
[Black "Nasolea,A"]
[Result "1-0"]
[WhiteElo "2526"]
[BlackElo "2034"]

1.e4 c5 2.c3 Nf6 3.e5 Nd5 4.d4 cxd4 5.Nf3 e6 6.cxd4 d6 7.Bc4 Be7 8.O-O O-O
9.Qe2 Bd7 10.Qe4 Bc6 11.Qg4 Nc7 12.Bh6 Ne8 13.Nbd2 Kh8 14.Bg5 Bxf3 15.Nxf3 Nc6
16.Qh5 Nb4 17.a3 Nd5 18.Bd3 f5 19.exf6 Nexf6 20.Qh3 Qd7 21.Rae1 e5 22.Bf5  1-0

[Event "TCh-ROU Superliga"]
[Site "Eforie Nord ROU"]
[Date "2009.09.25"]
[Round "7"]
[White "Baratosi,D"]
[Black "Lupulescu,C"]
[Result "1/2-1/2"]
[WhiteElo "2413"]
[BlackElo "2599"]

1.e4 c5 2.c3 Nf6 3.e5 Nd5 4.d4 cxd4 5.Nf3 e6 6.cxd4 d6 7.Bc4 Nc6 8.O-O Be7
9.Bd2 O-O 10.Nc3 Nxc3 11.Bxc3 dxe5 12.dxe5 b6 13.Qe2 Bb7 14.Bd3 g6  1/2-1/2

[Event "18th TCh-CRO b"]
[Site "Sibenik CRO"]
[Date "2009.09.25"]
[Round "5"]
[White "Stevic,H"]
[Black "Kazhgaleyev,M"]
[Result "1/2-1/2"]
[WhiteElo "2624"]
[BlackElo "2643"]

1.e4 c5 2.c3 Nf6 3.e5 Nd5 4.d4 cxd4 5.Nf3 Nc6 6.cxd4 d6 7.Bc4 Nb6 8.Bb5 dxe5
9.Nxe5 Bd7 10.Nxd7 Qxd7 11.Nc3 e6 12.O-O Rd8 13.Be3 Be7 14.Qb3 O-O 15.Rfe1  1/2-1/2

[Event "TCh-ROU Superliga"]
[Site "Eforie Nord ROU"]
[Date "2009.09.26"]
[Round "8"]
[White "Vajda,Le"]
[Black "Timoshenko,G"]
[Result "1/2-1/2"]
[WhiteElo "2557"]
[BlackElo "2552"]

1.e4 c5 2.c3 Nf6 3.e5 Nd5 4.d4 cxd4 5.Nf3 Nc6 6.cxd4 d6 7.Bc4 Nb6 8.Bb5 dxe5
9.Nxe5 Bd7 10.Nxd7 Qxd7 11.Nc3 Rd8 12.O-O e6 13.Bg5 Be7 14.Bxe7 Qxe7 15.Bxc6+ bxc6
16.Qf3 Nd5 17.Rfd1 O-O 18.Ne4 Qb4 19.Rab1 Ne7 20.Qc3 Qb6 21.Nc5 Rd5 22.b4 Rfd8
23.Rd3 Nf5 24.Rbd1 h5 25.g3 Nd6 26.a3 Nf5 27.h4 Qc7 28.R3d2 Qe7 29.Ne4 Nd6
30.Nxd6 R8xd6 31.Qf3 a5 32.bxa5 Qa7 33.Rc1 Qxa5 34.Rdc2 Qb6 35.Rc5 g6  1/2-1/2

[Event "TCh-NED 2009-10"]
[Site "Netherlands NED"]
[Date "2009.09.26"]
[Round "1"]
[White "Feygin,M"]
[Black "Brandenburg,D"]
[Result "1/2-1/2"]
[WhiteElo "2546"]
[BlackElo "2480"]

1.e4 c5 2.c3 Nf6 3.e5 Nd5 4.d4 cxd4 5.Qxd4 e6 6.Nf3 Nc6 7.Qe4 f5 8.Qe2 Qc7
9.g3 b5 10.Bg2 Bb7 11.O-O a6 12.a4 bxa4 13.Rxa4 Be7 14.Bg5 O-O 15.Bxe7 Ncxe7
16.Nbd2 Ng6 17.Rd1 Rab8 18.Rd4 Bc6 19.c4 Nde7 20.b3 Rfd8 21.Rd3 a5 22.h4 a4
23.bxa4 Bxa4 24.Rc1 Bc6 25.h5 Nh8 26.Nd4 Bxg2 27.Kxg2 Nc6 28.N2f3 Nf7 29.Nb5 Qa5
30.Rcd1 Rxb5 31.cxb5 Qxb5 32.R3d2 Qxe2 33.Rxe2 Kf8 34.Nd4 Nfxe5 35.Nxe6+ dxe6
36.Rxd8+ Nxd8 37.Rxe5 Ke7 38.Rb5 Kf6 39.f3 g6 40.hxg6 hxg6 41.Kf2 g5 42.Rb6 Nf7
43.Ra6 Ke5 44.Ke3 f4+ 45.Kf2 fxg3+ 46.Kxg3 Kf5 47.Ra8 Ne5 48.Rf8+ Kg6 49.Kf2 Kg7
50.Ra8 Kf6 51.Ke3 Nc4+ 52.Kd4 Nd6 53.Rf8+ Ke7 54.Ra8 Kf6 55.Rf8+ Ke7 56.Ra8 Kf6
57.Ra6 Nf5+ 58.Ke4 Ng3+ 59.Kd3 Ke5 60.Ke3 Nf5+ 61.Kf2 Kf6 62.Kg2 Nh4+ 63.Kf2 Nf5
64.Ra8 Ke5 65.Kg2 Kf6 66.Rb8 Nh4+ 67.Kg3 Ng6 68.Kg4 Ne5+ 69.Kh5 Nf7 70.Rb5 Ne5
71.Rb8 Nf7 72.Rg8 Ne5 73.Kh6 Kf7 74.Rg7+ Kf6 75.Rg8 Kf7 76.Rxg5  1/2-1/2

[Event "74th ch-ESP Absoluto"]
[Site "Palma de Mallorca ESP"]
[Date "2009.09.27"]
[Round "2"]
[White "Milian Calatayud,J"]
[Black "Planells Roig,J"]
[Result "0-1"]
[WhiteElo "1718"]
[BlackElo "2108"]

1.e4 c5 2.c3 Nf6 3.e5 Nd5 4.g3 d6 5.Bg2 e6 6.Nf3 Nc6 7.exd6 Bxd6 8.O-O O-O
9.d4 Bd7 10.b3 cxd4 11.Nxd4 a6 12.c4 Nde7 13.Bb2 Qc7 14.Nd2 e5 15.Nxc6 Nxc6
16.Ne4 Be7 17.Qh5 Qc8 18.Qe2 Bg4 19.Bf3 Bxf3 20.Qxf3 Qe6 21.a3 Rfd8 22.Rfd1 f5
23.Rxd8+ Rxd8 24.Nc3 e4 25.Qe2 Nd4 26.Qf1 Qh6 27.Kg2 Nxb3 28.Nd5 Rxd5 29.cxd5 Nxa1
30.Qxa1 f4 31.Qa2 f3+ 32.Kg1 Qh3  0-1

[Event "10th Veselin Boskovic Mem"]
[Site "Beograd SRB"]
[Date "2009.10.01"]
[Round "4.2"]
[White "Markovic,Miros1"]
[Black "Perunovic,Mil"]
[Result "1/2-1/2"]
[WhiteElo "2458"]
[BlackElo "2572"]

1.e4 c5 2.c3 Nf6 3.e5 Nd5 4.Nf3 Nc6 5.g3 Qc7 6.Qe2 e6 7.Bg2 d6 8.exd6 Bxd6
9.O-O O-O 10.Na3 a6 11.Nc4 Be7 12.a4 b6 13.d3 Bb7 14.Re1 h6 15.h4 Rfd8 16.Nh2 b5
17.axb5 axb5 18.Rxa8 Bxa8 19.Na3 b4 20.Nb5 Qb6 21.c4 Nc7 22.Nxc7 Qxc7 23.Nf3 Qd7
24.Rd1 Bf6 25.Be3 Nd4 26.Bxd4 Bxd4 27.Ra1 Bxf3 28.Bxf3 Qd6 29.Kf1 Qe5 30.Qxe5 Bxe5
31.Ra5 Bd4 32.b3 g6 33.Ke2 Kg7 34.h5 g5 35.Ra7 Rd6 36.Be4 Kf6 37.Bh7 Rd8
38.f4 gxf4 39.gxf4 Rh8 40.Be4 Rg8 41.Bc6 Rc8 42.Bb5 Rd8 43.Ba4 Bc3 44.Rc7 Bd4
45.Kf3 Bg1 46.Ke2 Bd4 47.Bc6 Bc3 48.Be4 Bd4 49.Kf3 Rg8 50.Bc6 Rd8 51.Ra7 Bc3
52.Be4 Bd4 53.Rc7 Rg8 54.f5 exf5 55.Rc6+ Kg5 56.Bd5 Re8 57.Bxf7 Re3+ 58.Kg2 Rxd3
59.Rg6+  1/2-1/2

[Event "10th Veselin Boskovic Mem"]
[Site "Beograd SRB"]
[Date "2009.10.01"]
[Round "4.1"]
[White "Pap,M"]
[Black "Nestorovic,De"]
[Result "1/2-1/2"]
[WhiteElo "2484"]
[BlackElo "2434"]

1.e4 c5 2.c3 Nf6 3.e5 Nd5 4.d4 cxd4 5.Nf3 e6 6.cxd4 d6 7.Bc4 Nc6 8.Qe2 Be7
9.O-O O-O 10.Rd1 Bd7 11.Bd2 Rc8 12.Nc3 Nxc3 13.Bxc3 d5 14.Bd3 Nb4 15.Bb1 Qb6
16.Qd2 Ba4 17.b3 Bd7 18.a3 Nc6 19.b4 f6 20.exf6 Rxf6 21.Qd3 g6 22.Ba2 a6
23.Bd2 Rcf8 24.Bh6 Rxf3 25.gxf3 Rf5 26.Kg2 Bg5 27.Bxg5 Rxg5+ 28.Kh1 Rh5 29.f4 Rf5
30.Qg3 Qc7 31.Bb1 Rxf4 32.a4 Be8 33.b5 Nxd4 34.Rxd4 Qc1+ 35.Kg2 Rxd4 36.Bxg6 Qxa1
37.Bxe8+ Kf8 38.bxa6 bxa6 39.Qd6+ Kxe8 40.Qxe6+ Kf8 41.Qf6+ Kg8 42.Qe6+ Kg7
43.Qe7+  1/2-1/2

[Event "10th Veselin Boskovic Mem"]
[Site "Beograd SRB"]
[Date "2009.10.02"]
[Round "5.2"]
[White "Pap,M"]
[Black "Ivanisevic,I"]
[Result "0-1"]
[WhiteElo "2484"]
[BlackElo "2614"]

1.e4 c5 2.c3 Nf6 3.e5 Nd5 4.d4 cxd4 5.Nf3 e6 6.cxd4 b6 7.Bd3 Bb7 8.Nc3 Na6
9.Nxd5 Bxd5 10.Bxa6 b5 11.O-O Qb6 12.Bxb5 Qxb5 13.b3 Be7 14.Ne1 O-O 15.Nc2 f6
16.Ba3 Bxa3 17.Nxa3 Qb7 18.f3 fxe5 19.dxe5 Rf5 20.Rf2 Rxe5 21.Qd4 Rg5 22.Qe3 Rh5
23.Rc1 Rf8 24.Rc3 Qb8 25.h3 Qg3 26.f4 Qxe3 27.Rxe3 Rhf5 28.g3 g5 29.Nb5 gxf4
30.gxf4 a6 31.Nc3 Bc6 32.Rg3+ Kf7 33.Ne2 Rd5 34.Rg4 Ke7 35.Ng3 Rd1+ 36.Kh2 Rf7
37.h4 Rd4 38.h5 Kf8 39.Kh3 Rg7 40.Rxg7 Kxg7 41.f5 a5 42.fxe6 dxe6 43.Rc2 Bd7
44.Ne2 e5+ 45.Kg2 Rd5 46.Ng3 Bg4 47.Kf2 Kh6 48.Ke3 Rd1 49.Rc6+ Kg5 50.Rc5 Kh4
51.Ne4 Re1+ 52.Kd3 Bxh5 53.Rxa5 Bg6 54.Rxe5 Kg4 55.Kd4 Kf4  0-1

[Event "ch-USA w"]
[Site "Saint Louis USA"]
[Date "2009.10.05"]
[Round "2"]
[White "Melekhina,A"]
[Black "Baginskaite,C"]
[Result "1/2-1/2"]
[WhiteElo "2220"]
[BlackElo "2317"]

1.e4 c5 2.c3 Nf6 3.e5 Nd5 4.Nf3 Nc6 5.Bc4 Nb6 6.Bb3 c4 7.Bc2 d5 8.exd6 Qxd6
9.d4 cxd3 10.Qxd3 Qxd3 11.Bxd3 g6 12.O-O Bg7 13.Re1 O-O 14.Be4 Bd7 15.Na3 Rfd8
16.Bg5 Na4 17.Rab1 Be6 18.Nc2 h6 19.Be3 Bd5 20.Bxd5 Rxd5 21.Nfd4 Nxd4 22.Bxd4 Bxd4
23.Nxd4 e5 24.Nf3 f6 25.Rec1 Rc8 26.c4 Rd3 27.Ne1 Rd2 28.b3 Nc5 29.Rc2 Rcd8
30.Kf1 Rxc2 31.Nxc2 Rd2 32.Nb4 Ne4 33.f3 Nd6 34.Re1 Nf5 35.Nd5 Kf7 36.Re2 Rd1+
37.Re1 Rd2 38.Re2 Rd3 39.Ke1 Nh4 40.Nb4 Rd4 41.Nc2 Rd3 42.Nb4 Rd6 43.Nd5 Nf5  1/2-1/2